| 000 | 00466nam a2200181Ia 4500 | ||
|---|---|---|---|
| 008 | 230524s9999 xx 000 0 und d | ||
| 020 | _a9788120341227 | ||
| 082 |
_a658 _bMEJ |
||
| 100 | _aLuis R.Gomez-Mejia | ||
| 245 | 0 | _aManaging Human Resources & | |
| 250 | _a5TH | ||
| 260 |
_aNEW DELHI _b Pearson _c2008 |
||
| 300 | _aXXIII;718 | ||
| 500 | _aQuantity Number: 10 | ||
| 650 | _aManagement | ||
| 700 | _a"David B.Balkin , Robert L.Cardy,,," | ||
| 942 | _cBK | ||
| 999 |
_c41160 _d41160 |
||